000 00538nam a2200193 i 4500
001 28674
003 ES-MaACL
005 20251120063124.0
007 t|
008 030117s1909 sp ||||1| spa d
080 _a821.134.2-4"18"
100 1 _aBalmes, Jaime,
_d1810-1848
_925096
245 1 0 _aEscritos póstumos /
_cJaime Balmes.
250 _a5ª ed.
260 _aBarcelona :
_b[s.n.,
_c1909] (
_fImp. Barcelonesa)
300 _a245 p., 1 gráf. pleg. ;
_c19 cm.
852 _aES-MaACL
_jF-2934
999 _c28674
_d28674